विचित्र जीव जन्तु और वनस्पतीयॉ (Record no. 1001688)

MARC details
000 -LEADER
fixed length control field 00450nam a2200133Ia 4500
008 - FIXED-LENGTH DATA ELEMENTS--GENERAL INFORMATION
fixed length control field 151001s9999||||xx |||||||||||||| ||und||
100 ## - MAIN ENTRY--PERSONAL NAME
Personal name महावीरप्रसाद द्विवेदी
245 ## - TITLE STATEMENT
Title विचित्र जीव जन्तु और वनस्पतीयॉ
250 ## - EDITION STATEMENT
Edition statement 1
260 ## - PUBLICATION, DISTRIBUTION, ETC. (IMPRINT)
Name of publisher, distributor, etc साक्षरता पुस्तक केंद
260 ## - PUBLICATION, DISTRIBUTION, ETC. (IMPRINT)
Date of publication, distribution, etc २०१४
300 ## - PHYSICAL DESCRIPTION
Extent 127
365 ## - TRADE PRICE
Price amount 21

No items available.